Estatísticas para Mapa Topológico dos Estados do Brasil

Clique aqui para jogar o quiz

Estatísticas Gerais

  • Esse quiz foi jogado 294 vezes
  • A pontuação média é 20 de 27

Respostas no mapa

Respostas codificadas por cores de uma escala verde-vermelha no mapa do quiz de acordo com a % correta abaixo.
 

Estatísticas das Respostas

Resposta% Correto
Distrito Federal
84%
Rio Grande do Sul
84%
Santa Catarina
82%
Goiás
81%
Paraná
81%
Espirito Santo
80%
Rio de Janeiro
79%
Amazonas
78%
Mato Grosso
78%
Minas Gerais
78%
Bahia
76%
Pará
76%
Acre
74%
Amapá
74%
Mato Grosso do Sul
72%
Rio Grande do Norte
72%
Pernambuco
71%
Ceará
70%
São Paulo
70%
Tocantins
69%
Maranhão
68%
Sergipe
68%
Roraima
64%
Alagoas
63%
Paraíba
63%
Piauí
60%
Rondônia
54%

Distribuição das Pontuações

Percentil de Números Respondidos

Porcentagem de Pessoas com Cada Pontuação

Sua Pontuação Histórica

Você não jogou esse quiz